000 00772nam a22002297a 4500
005 20250731115555.0
010 _aENG-146257
020 _a9789391772413
_c800.00
035 _aEN-129789
037 _bDBAD
082 _a353.9767
_21
100 _aHemalatha, T.M.
_983531
245 _aRevolutionizng Indian Insurance:
_bThe Power of Innovation and Digitalization
_cT.M. Hemalatha...[et.al]
250 _a1
260 _aChennai
_bForschung Publications
_c2025
270 _aMogappair
_bChennai
_k9626166683
_mforchungpublications@gmail.com
300 _a376p.
_c24cm(pb)
700 _aA. Saravanakumar
_eAuthor
_983532
700 _aG. Arut Geevitha
_eAuthor
_983533
700 _aC. Krishnamoorthy
_eAuthor
_983534
942 _2ddc
_cEN
_h353.9767
_mHEM
999 _c212750
_d212750